| 000 | 00579nam a22001817a 4500 | ||
|---|---|---|---|
| 003 | SISC | ||
| 005 | 20160406103618.0 | ||
| 008 | 130905t xxu||||| |||| 00| 0 eng d | ||
| 050 |
_aHD 72 _b.In42 1979 |
||
| 082 |
_aHS 338.9 _bIn1 1979 |
||
| 245 |
_aIndustry and development no.3 : _bspecial issue for the third general conference of UNIDO / |
||
| 260 |
_aNew York : _bUnited Nations, _cc1979. |
||
| 300 |
_a86 p. : _c24 cm. |
||
| 650 |
_aEconomic development _xPeriodicals. _916558 |
||
| 650 |
_aIndustrialization _xPeriodicals. _916559 |
||
| 942 |
_2lcc _cBK |
||
| 999 |
_c10372 _d10372 |
||